000 00335nam a2200157Ia 4500
100 _aJhamb / L.C
490 _vI
942 _cBK
654 _aTechniques VII
245 _aQuantitative technology VI
260 _bEverest Pub.House
_aMumbai
_c1998
082 _a658.4033
_bIHA
300 _a740
546 _aENGLISH
999 _c35503
_d35503